Quick Pick: French-Speaking African Countries II Quiz Stats

 Plays Quiz Updated Mar 14, 2018

Score 0/10 Timer 01:00
0 Plays Today
% Correct
Democratic Republic of the Congo
77.8%
Republic of the Congo
75.8%
Niger
75%
Guinea
74.9%
Benin
73.7%
Chad
72.1%
Djibouti
71.8%
Seychelles
71.6%
Burundi
66.8%
Rwanda
61.4%

Today's Daily Dose

You're not logged in!

Compare scores with friends on all Sporcle quizzes.
Join for Free
OR
Log In

You Might Also Like...

Show Comments

Extras

Top Quizzes Today


Score Distribution

Your Account Isn't Verified!

In order to create a playlist on Sporcle, you need to verify the email address you used during registration. Go to your Sporcle Settings to finish the process.

Report this User

Report this user for behavior that violates our Community Guidelines.

Details: